Traditional Use of Palms (Arecaceae) in the Atlantic Forest in Southern Santa Catarina, Brazil (Registro n. 341125)
[ somente texto ]
| 000 -LÍDER | |
|---|---|
| fixed length control field | 02157nab a2200289 i 4500 |
| 003 - CÓDIGO MARC DA AGÊNCIA CATALOGADORA | |
| Campo de controle | BR-BrBNA |
| 005 - DATA E HORA DA ÚLTIMA ATUALIZAÇÃO | |
| Campo de controle | 20260327211840.0 |
| 008 - CAMPO DE TAMANHO FIXO | |
| fixed length control field | 260327b2019 bl.qr|pooa||| 00| 0 eng | |
| 040 ## - FONTE DA CATALOGAÇÃO | |
| Agência catalogadora | BR-BrBNA |
| Idioma da catalogação | eng |
| 072 ## - CATEGORIA AGRIS | |
| Código AGRIS | P01 |
| 072 ## - CATEGORIA AGRIS | |
| Código AGRIS | F40 |
| 100 ## - ENTRADA PRINCIPAL - NOME PESSOAL | |
| Nome pessoal | Elias, Guilherme Alves |
| 100 ## - ENTRADA PRINCIPAL - NOME PESSOAL | |
| Nome pessoal | Guislon, Aline Votri |
| 100 ## - ENTRADA PRINCIPAL - NOME PESSOAL | |
| Nome pessoal | Gonçalves, Teresinha Maria |
| 100 ## - ENTRADA PRINCIPAL - NOME PESSOAL | |
| Nome pessoal | Santos, Robson dos |
| 245 ## - TÍTULO PRINCIPAL | |
| Título principal | Traditional Use of Palms (Arecaceae) in the Atlantic Forest in Southern Santa Catarina, Brazil |
| 500 ## - NOTA GERAL | |
| Nota geral | Publicação on-line; Bibliography p. 7-9 (52 ref.); 1 table; 2 illus.; Summary (En) |
| 942 ## - ADDED ENTRY ELEMENTS (KOHA) | |
| Koha item type | Analítica |
| 520 ## - NOTA DE RESUMO | |
| Nota de conteúdo | <br/><br/>ABSTRACT<br/><br/>This study aimed to investigate the extraction process of palm species (Arecaceae) and their<br/>different forms of use by the population in the surroundings of the “Parque Estadual da Serra<br/>Furada” (PAESF), located in the south region of Santa Catarina state, as well as understand the<br/>perception of the interviewees about the park. The data were obtained through interviews with<br/>long-time residents of the area. The results were analyzed by content analysis. Four palm species<br/>were cited by the interviewees: Bactris setosa Mart., Euterpe edulis Mart., Geonoma gamiova<br/>Barb.Rodr., and Syagrus romanzoffiana (Cham.) Glassman. The most widespread uses of these<br/>palm species were for food and in construction. The leaves were the main part of the plant used,<br/>with emphasis to E. edulis. In general, the PAESF and its palms are important resources for the<br/>interviewees; however, today, knowledge remains mostly only in the memory of the residents.<br/><br/>Keywords: Atlantic rainforest, biodiversity, conservation unit, ethnobotany, Euterpe edulis. |
| 650 ## - ASSUNTO - THESAGRO | |
| Cabeçalho tópico ou nome geográfico | MATA ATLÂNTICA |
| 650 ## - ASSUNTO - THESAGRO | |
| Cabeçalho tópico ou nome geográfico | BIODIVERSIDADE |
| 650 ## - ASSUNTO - THESAGRO | |
| Cabeçalho tópico ou nome geográfico | ETNOBOTÂNICA |
| 650 ## - ASSUNTO - THESAGRO | |
| Cabeçalho tópico ou nome geográfico | EUTERPE EDULIS |
| 773 0# - ENTRADA ANALÍTICA | |
| Host Biblionumber | 2929 |
| Registro do item | 347951 |
| Imprenta | Rio de Janeiro-RJ Instituto de Florestas - UFRRJ 1994 |
| Outro identificador | 2025-0450 |
| Título | Floresta e Ambiente (Brazil) |
| ISSN | 1415-0980 / ISSN 2179-8087 0nline |
| Colação | v. 26(2) p. 1-9; (2019) |
| Número de controle de registro | BR2026000207 |
| 856 ## - ACESSO E ENDEREÇO ELETRÔNICO | |
| Identificador uniforme de recurso - URI | https://www.scielo.br/j/floram/a/gdyMmRz57TCQmkNmX6HPkVf/?format=pdf&lang=en |
Nenhum exemplar disponível.

BINAGRI